000
00325 a2200109 4500
001
ART_49652
005
20260410161745.0
008
260409a
245
1
0
_a
Fuentes e interpretación en el derecho del trabajo
100
1
_a
Formaro, Juan J.
773
0
_t
Doctrina laboral
_g
- N° 409 (sep. 2019)
_w
REV4049
999
_c
19121
_d
19121